000 00698nam a22001697a 4500
003 SGT
020 _a9788120341937
082 _a510,BAT
100 _aBATHUL,SHANAZ
245 _aSPECIAL FUNCTIONS AND COMPLEX VARIABLES (ENGINEERING MATHEMATICS III)
250 _a2ND
260 _aNEW DELHI
_bPHI
_c2010
300 _a525
650 _aMATHEMATICS
653 _a1. LINEAR ORDINARY DIFFERENTIAL EQUATIONS WITH VARIABLE COEFFICIENTS AND SERIES SOLUTIONS 2. SPECIAL FUNCTIONS 3. COMPLEX FUNCTIONS: DIFFERENTIATION AND INTEGRATION 4. POWER SERIES EXPANSIONS OF COMPLEX FUNCTIONS AND CONTOUR INTEGRATION 5. THE CONFORMAL MAPPINGS 6. ARGUMENT PRINCIPLE AND ROUCHE’S THEOREM
942 _2ddc
_cFPS
999 _c9460
_d9460